Online katalóg knižníc regiónu Turca

Bezbranná : (Record no. 21923)

MARC details
000 -LEADER
fixed length control field 01956nam a2200565 a 4500
001 - CONTROL NUMBER
control field 21923
003 - CONTROL NUMBER IDENTIFIER
control field CZ PrNK
005 - DATE AND TIME OF LATEST TRANSACTION
control field 20260314133007.0
007 - PHYSICAL DESCRIPTION FIXED FIELD--GENERAL INFORMATION
fixed length control field ta
008 - FIXED-LENGTH DATA ELEMENTS--GENERAL INFORMATION
fixed length control field 061116s2006 xr acf e 000 1acze
015 ## - NATIONAL BIBLIOGRAPHY NUMBER
National bibliography number cnb001698034
020 ## - INTERNATIONAL STANDARD BOOK NUMBER
International Standard Book Number 8024908298
Qualifying information (váz.)
035 ## - SYSTEM CONTROL NUMBER
System control number (OCoLC)124090638
040 ## - CATALOGING SOURCE
Original cataloging agency OLA001
Language of cataloging cze
041 1# - LANGUAGE CODE
Language code of text/sound track or separate title cze
Language code of original eng
043 ## - GEOGRAPHIC AREA CODE
Geographic area code n-us---
072 #7 - SUBJECT CATEGORY CODE
Subject category code 364
Subject category code subdivision Sociální problémy vyžadující podporu a pomoc. Sociální zabezpečení
Source Konspekt
072 #7 - SUBJECT CATEGORY CODE
Subject category code 929
Subject category code subdivision Biografie
Source Konspekt
080 ## - UNIVERSAL DECIMAL CLASSIFICATION NUMBER
Universal Decimal Classification number 929
Edition identifier MRF
080 ## - UNIVERSAL DECIMAL CLASSIFICATION NUMBER
Universal Decimal Classification number 364.63-053.2
Edition identifier MRF
080 ## - UNIVERSAL DECIMAL CLASSIFICATION NUMBER
Universal Decimal Classification number 364-782.42
Edition identifier MRF
080 ## - UNIVERSAL DECIMAL CLASSIFICATION NUMBER
Universal Decimal Classification number 343.62
Edition identifier MRF
080 ## - UNIVERSAL DECIMAL CLASSIFICATION NUMBER
Universal Decimal Classification number 316.346.2-055.2
Edition identifier MRF
080 ## - UNIVERSAL DECIMAL CLASSIFICATION NUMBER
Universal Decimal Classification number 616.89-008
Edition identifier MRF
080 ## - UNIVERSAL DECIMAL CLASSIFICATION NUMBER
Universal Decimal Classification number (73)
Edition identifier MRF
080 ## - UNIVERSAL DECIMAL CLASSIFICATION NUMBER
Universal Decimal Classification number (0:82-94)
Edition identifier MRF
100 1# - MAIN ENTRY--PERSONAL NAME
Personal name Gregory, Julie,
Dates associated with a name 1969-
Relationship aut
245 10 - TITLE STATEMENT
Title Bezbranná :
Remainder of title šokující výpověď o umučeném dětství /
Statement of responsibility, etc. Julie Gregoryová ; [z anglického originálu ... přeložila Jana Kordíková]
250 ## - EDITION STATEMENT
Edition statement Vyd. 1.
260 ## - PUBLICATION, DISTRIBUTION, ETC.
Place of publication, distribution, etc. V Praze :
Name of publisher, distributor, etc. Ikar,
Date of publication, distribution, etc. 2006
300 ## - PHYSICAL DESCRIPTION
Extent 221 s., [8] s. obr. příl. :
Other physical details il., portréty ;
Dimensions 21 cm
600 17 - SUBJECT ADDED ENTRY--PERSONAL NAME
Personal name Gregory, Julie,
Dates associated with a name 1969-
Source of heading or term czenas
650 07 - SUBJECT ADDED ENTRY--TOPICAL TERM
Topical term or geographic name entry element týrané děti
Geographic subdivision Spojené státy americké
Source of heading or term czenas
650 07 - SUBJECT ADDED ENTRY--TOPICAL TERM
Topical term or geographic name entry element pěstounská péče
Source of heading or term czenas
650 07 - SUBJECT ADDED ENTRY--TOPICAL TERM
Topical term or geographic name entry element trestné činy proti dětem
Source of heading or term czenas
650 07 - SUBJECT ADDED ENTRY--TOPICAL TERM
Topical term or geographic name entry element ženy
Source of heading or term czenas
650 07 - SUBJECT ADDED ENTRY--TOPICAL TERM
Topical term or geographic name entry element duševní poruchy
Source of heading or term czenas
650 09 - SUBJECT ADDED ENTRY--TOPICAL TERM
Topical term or geographic name entry element abused children
Geographic subdivision United States
Source of heading or term eczenas
650 09 - SUBJECT ADDED ENTRY--TOPICAL TERM
Topical term or geographic name entry element foster home care
Source of heading or term eczenas
650 09 - SUBJECT ADDED ENTRY--TOPICAL TERM
Topical term or geographic name entry element crimes against children
Source of heading or term eczenas
650 09 - SUBJECT ADDED ENTRY--TOPICAL TERM
Topical term or geographic name entry element women
Source of heading or term eczenas
650 09 - SUBJECT ADDED ENTRY--TOPICAL TERM
Topical term or geographic name entry element mental disorders
Source of heading or term eczenas
655 #7 - INDEX TERM--GENRE/FORM
Genre/form data or focus term autobiografické vzpomínky
Source of term czenas
655 #9 - INDEX TERM--GENRE/FORM
Genre/form data or focus term autobiographical reminiscences
Source of term eczenas
765 0# - ORIGINAL LANGUAGE ENTRY
Title Sickened
856 41 - ELECTRONIC LOCATION AND ACCESS
Uniform Resource Identifier <a href="http://krameriusndk.nkp.cz/search/handle/uuid:11b46980-7b38-11e6-afc6-005056827e52">http://krameriusndk.nkp.cz/search/handle/uuid:11b46980-7b38-11e6-afc6-005056827e52</a>
Link text Digitalizovaný dokument
901 ## - LOCAL DATA ELEMENT A, LDA (RLIN)
b 9788024908298
f 1. vyd.
o 20070419
910 ## - USER-OPTION DATA (OCLC)
User-option data ABA001
942 ## - ADDED ENTRY ELEMENTS (KOHA)
Source of classification or shelving scheme Dewey Decimal Classification
Koha item type Krásna literatúra pre dospelých
Suppress in OPAC No
Holdings
Stav vyradenia Strata Poškodenie Spôsob nadobudnutia Domovská knižnica Aktuálna knižnica Dátum nadobudnutia Total checkouts Čiarový kód exemplára Date last seen Typ exemplára
      Dar Obecná knižnica Horná Štubňa Obecná knižnica Horná Štubňa 14.03.2026   4736201865 14.03.2026 Krásna literatúra pre dospelých
Projekt je podporený Slovenskou asociáciou knižníc
Prevádzkuje Turčianska knižnica Martin 2026